Textbook of office management (Record no. 24788)

MARC details
000 -LEADER
fixed length control field 00338nam a2200133Ia 4500
082 ## - DEWEY DECIMAL CLASSIFICATION NUMBER
Classification number 651
Item number LEF
100 ## - MAIN ENTRY--AUTHOR NAME
Personal name Leffingwell, William H
245 #0 - TITLE STATEMENT
Title Textbook of office management
250 ## - EDITION STATEMENT
Edition statement Ed.3
260 ## - PUBLICATION, DISTRIBUTION, ETC. (IMPRINT)
Place of publication New Delhi
Name of publisher McGraw Hill
Year of publication 1975
700 ## - ADDED ENTRY--PERSONAL NAME
Personal name Robinson, Edwin M
942 ## - ADDED ENTRY ELEMENTS (KOHA)
Koha item type Books
Holdings
Withdrawn status Lost status Damaged status Not for loan Home library Current library Date acquired Cost, normal purchase price Full call number Accession Number Koha item type
        RRII Library RRII Library 16/12/2021 27.00 651 LEF 05460 Books